Statistics for Dallas Cowboys 2017 Starting Roster

Click here to take the quiz!

General Stats

  • This quiz has been taken 211 times
  • The average score is 14 of 29

Answer Stats

HintAnswer% Correct
QBDak Prescott
97%
WR1Dez Bryant
90%
TEJason Witten
80%
RBEzekiel Elliott
76%
PRCole Beasley
71%
WR3Cole Beasley
71%
OLBSean Lee
71%
LTTyron Smith
71%
RGZack Martin
71%
DEDeMarcus Lawrence
67%
KDan Bailey
65%
WR2Terrance Williams
63%
CTravis Frederick
63%
RTLa'el Collins
57%
FSByron Jones
55%
MLBJaylon Smith
51%
PChris Jones
49%
SSJeff Heath
46%
CB1Orlando Scandrick
35%
DETyrone Crawford
33%
FBKeith Smith
30%
CB3Anthony Brown
28%
DTMaliek Collins
25%
KRRyan Switzer
24%
OLBDamien Wilson
13%
LGChaz Green
11%
LSLP Ladouceur
9%
CB2Nolan Carroll
8%
DTStephen Paea
8%

Score Distribution

Percentile by Number Answered

Percent of People with Each Score

Your Score History

You have not taken this quiz